An introduction to positive economics

Αποθηκεύτηκε σε:
Λεπτομέρειες βιβλιογραφικής εγγραφής
Κύριος συγγραφέας: Lipsey, Richard G., 1928-
Μορφή: Βιβλίο
Γλώσσα:English
Δημοσίευση: London : Weidenfeld and Nicolson, 1983
Έκδοση:6th ed.
Θέματα:
Ετικέτες: Προσθήκη ετικέτας
Δεν υπάρχουν, Καταχωρήστε ετικέτα πρώτοι!

MARC

LEADER 00000cam a2200000 i 4500
001 1/45648
008 960422s1983 eng d
020 |a 0297782657   |q (χαρτόδετο)  
020 |a 0297782649 
035 |l 10026180 
040 |a GR-MY-UA  |b gre  |e aacr 
041 0 |a eng 
082 0 |a 330 
100 1 |a Lipsey, Richard G.,   |d 1928- 
245 1 3 |a An introduction to positive economics /  |c Richard Lipsey 
250 |a 6th ed. 
260 |a London :   |b Weidenfeld and Nicolson,   |c 1983 
300 |a 790 p. 
650 0 0 |a Economics. 
852 |a INST  |b CHIOS  |e 19960422  |h 330 LIP  |p 005200005792  |q 005200005792  |t BK  |y 0 
852 |a INST  |b CHIOS  |e 19960422  |h 330 LIP  |p 005200005793  |q 005200005793  |t BK  |y 0 
852 |a INST  |b CHIOS  |c TSAMOYRGELIS  |e 20190301  |h 330 LIP  |p 005200038712  |q 005200038712  |t BK  |y 0